[Event "Mechanics' Summer TNM; G/2 d5"]
[Site "San Francisco"]
[Date "2017.06.13"]
[Round "4.10"]
[White "Shakhnazarov, Oleg"]
[Black "Mays, Jerry L"]
[Result "1-0"]
[WhiteElo "2163"]
[BlackElo "1790"]
[PlyCount "75"]
[EventDate "2017.??.??"]

1. e4 g6 2. d4 Bg7 3. Nf3 d6 4. Bc4 c5 5. dxc5 Qa5+ 6. Nbd2 Qxc5 7. O-O Nf6 8.
b4 $2 Qc7 $2 9. Rb1 O-O 10. Qe2 Bg4 11. h3 Bd7 12. Bb2 e5 13. Bb3 b5 14. c4
bxc4 15. Bxc4 Bh6 16. Rfc1 Qb7 17. Qd3 d5 18. Bxd5 Nxd5 19. Qxd5 Qxd5 20. exd5
Bf5 21. Bxe5 Bxb1 22. Rxb1 Nd7 23. Bd6 Rfe8 24. Nb3 Re2 25. a4 Nf6 26. a5 Nxd5
27. Nbd4 Re4 28. b5 Bg7 29. Nc6 Nc3 30. Rb3 Bf8 31. Bxf8 Ne2+ 32. Kh2 Kxf8 33.
b6 axb6 34. axb6 Ree8 35. b7 Rab8 36. Nfe5 Nd4 37. Nd7+ Kg7 38. Nxd4 1-0

[Event "Mechanics' Spring TNM; G/2"]
[Site "San Francisco"]
[Date "2017.04.04"]
[Round "4.2"]
[White "Shaw, Tenzing"]
[Black "Bayaraa, Chinguun"]
[Result "1-0"]
[WhiteElo "2295"]
[BlackElo "2134"]
[Annotator "Donaldson"]
[PlyCount "95"]
[EventDate "2017.??.??"]

1. d4 Nf6 2. c4 g6 3. Nc3 d5 4. Nf3 Bg7 5. Qb3 dxc4 6. Qxc4 O-O 7. e4 a6 8. Qa4
c6 9. Be2 b5 10. Qc2 Bb7 11. e5 Nfd7 12. Ne4 a5 13. e6 $1 Nb6 $2 (13... f5) 14.
exf7+ Rxf7 15. Nfg5 Nd5 16. Nxf7 Kxf7 17. Be3 Na6 18. Rd1 Nab4 19. Qb1 Bc8 20.
a3 Na6 21. O-O Bf5 22. Ng5+ Kg8 23. Bd3 Bg4 24. Rc1 Rc8 25. h3 Bd7 26. Bd2 Qb6
27. Nf3 Rf8 28. Be4 Nac7 29. Qd3 Ne6 30. Bxd5 cxd5 31. Be3 Nd8 32. Ne5 Bf5 33.
Qb3 Be6 34. f4 Bxe5 35. fxe5 Nf7 36. Rc5 Rb8 37. Qc2 Nd8 38. g4 b4 39. a4 b3
40. Qc3 Bf7 41. Rb5 Qa7 42. Rxb8 Qxb8 43. Qxa5 Nc6 44. Qb5 Qxb5 45. axb5 Nb4
46. b6 Be8 47. Bh6 Bf7 48. e6 1-0

[Event "Mechanics' Summer TNM; G/2 d5"]
[Site "San Francisco"]
[Date "2017.06.20"]
[Round "5.1"]
[White "Shaw, Tenzing"]
[Black "Diaz, Conrado"]
[Result "1-0"]
[WhiteElo "2310"]
[BlackElo "2305"]
[Annotator "Winslow,E"]
[PlyCount "85"]
[EventDate "2017.??.??"]

1. e4 d5 2. exd5 Qxd5 3. Nc3 Qa5 4. d4 Nf6 5. Nf3 c6 6. Bd2 Bf5 7. Bc4 e6 8.
Nd5 Qd8 9. Nxf6+ gxf6 10. O-O Bg7 11. Re1 O-O 12. Nh4 Bg6 13. c3 f5 14. g3 Nd7
15. Ng2 c5 16. Be3 Nb6 17. Bb3 cxd4 18. Bxd4 Bxd4 19. cxd4 Qf6 20. Nf4 Rfe8 21.
h4 h6 22. Qf3 Re7 23. Re5 Rd8 24. Qe3 Qg7 25. h5 Bh7 26. Rc1 Kh8 {[#]} 27. a4 (
27. Bxe6 $1) (27. d5 Nd7 28. Rc7 Qf6 29. Ng6+ $1) 27... a5 28. Rb5 Nc8 29. Rxa5
Nd6 30. Rac5 Ne4 31. Rc8 Red7 32. Rxd8+ Rxd8 33. Rc7 Qf6 34. Rxb7 Bg8 {[#]} 35.
Bxe6 Rxd4 36. Bb3 Rd2 37. Bd5 Rd1+ 38. Kh2 Qa6 39. Bxe4 fxe4 40. Qxe4 (40. Qc3+
$1 Kh7 41. Ng6 $1) 40... Qf1 41. Qe5+ Kh7 42. Qf5+ Kh8 43. Qf6+ 1-0

[Event "Mechanics' Spring TNM; G/2"]
[Site "San Francisco"]
[Date "2017.04.18"]
[Round "6.1"]
[White "Shaw, Tenzing"]
[Black "Diaz, Conrado"]
[Result "1-0"]
[WhiteElo "2295"]
[BlackElo "2269"]
[PlyCount "85"]
[EventDate "2017.??.??"]

1. c4 c6 2. d4 d5 3. Nc3 Nf6 4. Nf3 a6 5. a4 Bf5 6. Qb3 Ra7 7. a5 e6 8. Qb6
Qxb6 9. axb6 Ra8 10. c5 Nbd7 11. Bf4 Be7 12. e3 O-O 13. Be2 Ne4 14. Nxe4 Bxe4
15. b4 Bxf3 16. Bxf3 Bf6 17. Bd6 Rfe8 18. O-O e5 19. Bg4 Nf8 20. e4 Rad8 21.
exd5 cxd5 22. Bc7 Ne6 23. Bxe6 fxe6 24. dxe5 Be7 25. Bxd8 Rxd8 26. Ra3 Rb8 27.
f4 Kf7 28. g4 g6 29. Rh3 Kg7 30. f5 exf5 31. gxf5 gxf5 32. Rxf5 Kg6 33. Rf4 Bg5
34. Rg3 Kh5 35. Rf7 h6 36. Rd7 Bd2 37. Rxd5 Bg5 38. Rd7 a5 39. bxa5 Bh4 40. e6
Re8 41. Rd5+ Bg5 42. Rdxg5+ hxg5 43. Re3 1-0

[Event "Mechanics' Summer TNM; G/2 d5"]
[Site "San Francisco"]
[Date "2017.06.06"]
[Round "3.1"]
[White "Shaw, Tenzing"]
[Black "Ivanov, Aleksandr"]
[Result "1-0"]
[WhiteElo "2310"]
[BlackElo "2092"]
[PlyCount "59"]
[EventDate "2017.??.??"]

1. e4 e6 2. d4 d5 3. Nc3 Bb4 4. e5 c5 5. Qg4 Kf8 6. dxc5 Bxc3+ 7. bxc3 Nc6 8.
Nf3 Qa5 9. Bd2 Nge7 10. Bd3 Ng6 11. Qg3 Qc7 12. O-O Ncxe5 13. Kh1 Qb8 14. Nxe5
Qxe5 15. f4 Qc7 16. Be3 Ne7 17. Bd4 f6 18. Qh4 f5 19. Rae1 Ng6 20. Qf2 Bd7 21.
c4 Kf7 22. cxd5 exd5 23. c4 Ne7 {Diagram [#]} 24. Rxe7+ $1 Kxe7 25. cxd5 Kf7
26. Bc4 Qd8 27. Qg3 Rg8 28. Re1 g6 29. d6+ Kf8 30. Re7 1-0

[Event "Mechanics' Summer TNM; G/2 d5"]
[Site "San Francisco"]
[Date "2017.05.23"]
[Round "1.1"]
[White "Shaw, Tenzing"]
[Black "Malykin, Erika"]
[Result "1-0"]
[WhiteElo "2310"]
[BlackElo "1612"]
[PlyCount "47"]
[EventDate "2017.??.??"]

1. e4 e6 2. d4 c5 3. Nf3 cxd4 4. Nxd4 Nc6 5. Nc3 Bb4 6. Nxc6 Bxc3+ 7. bxc3 bxc6
8. Qd4 Nf6 9. e5 Nd5 10. c4 Ne7 11. Bd3 Bb7 12. Rb1 Qc7 13. Qd6 Rc8 14. Ba3 c5
15. O-O Ba8 16. Qxc7 Rxc7 17. Rb8+ Rc8 18. Rxc8+ Nxc8 19. Bxc5 f6 20. Rb1 Bc6
21. Rb8 Kf7 22. exf6 gxf6 23. f3 Rg8 24. Bxh7 1-0

[Event "Mechanics' Spring TNM; G/2"]
[Site "San Francisco"]
[Date "2017.03.21"]
[Round "2.2"]
[White "Shaw, Tenzing"]
[Black "Marcus, Joel"]
[Result "1-0"]
[WhiteElo "2295"]
[BlackElo "1918"]
[PlyCount "47"]
[EventDate "2017.??.??"]

1. c4 Nc6 2. Nc3 Nf6 3. Nf3 e5 4. g3 Bc5 5. d3 d6 6. Bg2 a6 7. a3 Bd7 8. O-O h5
9. Bg5 Ne7 10. d4 exd4 11. Nxd4 Ng4 12. b4 f6 13. bxc5 fxg5 14. cxd6 cxd6 15.
Ne4 O-O 16. Nxg5 Rf6 17. Qb1 Nh6 18. Bd5+ Nxd5 19. Qh7+ Kf8 20. cxd5 Ke7 21.
Qxg7+ Nf7 22. Rab1 b5 23. Rb3 Qh8 24. Re3+ 1-0

[Event "Mechanics' Spring TNM; G/2"]
[Site "San Francisco"]
[Date "2017.05.02"]
[Round "8.1"]
[White "Shaw, Tenzing"]
[Black "O'Connor, Derek"]
[Result "1/2-1/2"]
[WhiteElo "2295"]
[BlackElo "2161"]
[PlyCount "77"]
[EventDate "2017.??.??"]

1. e4 e5 2. Nf3 Nc6 3. Bb5 a6 4. Ba4 Nf6 5. O-O b5 6. Bb3 Bb7 7. d3 Bc5 8. Nc3
d6 9. a4 b4 10. Ne2 h6 11. Ng3 O-O 12. a5 d5 13. Qe2 Re8 14. c3 Nb8 15. Bd2
bxc3 16. Bxc3 Nbd7 17. Rfc1 Bf8 18. Ba4 Re6 19. b4 c6 20. Qb2 Qe8 21. Rc2 g6
22. Bd2 Kh7 23. h4 Qe7 24. h5 Rb8 25. Qc1 Rc8 26. exd5 Nxd5 27. Rc4 Bg7 28. Ra2
N7f6 29. d4 Nd7 30. Bc2 e4 31. Ne5 Bxe5 32. dxe5 Nxe5 33. Rxe4 c5 34. bxc5 Rxc5
35. Qb1 Rb5 36. Rb2 Bc6 37. Rxb5 Bxb5 38. Rd4 Nf6 39. Qd1 {
This draw clinched first place for Shaw.} 1/2-1/2

[Event "Mechanics' Summer TNM; G/2 d5"]
[Site "San Francisco"]
[Date "2017.07.11"]
[Round "7.1"]
[White "Shaw, Tenzing"]
[Black "Winslow, Elliott C"]
[Result "0-1"]
[WhiteElo "2310"]
[BlackElo "2291"]
[PlyCount "74"]
[EventDate "2017.??.??"]

1. e4 c5 2. Nf3 d6 3. Nc3 a6 4. d4 cxd4 5. Nxd4 Nf6 6. Be3 e5 7. Nb3 Be6 8. Qd2
Be7 9. f3 h5 10. O-O-O O-O 11. Be2 b5 12. g4 hxg4 13. Rhg1 Nbd7 14. fxg4 b4 15.
Nd5 a5 16. Qd3 Bxd5 17. exd5 a4 18. Nd2 Ra5 19. Bf3 e4 20. Nxe4 Ne5 21. Qe2 b3
22. Nc3 Qc7 23. Rd4 Rb8 24. cxb3 axb3 25. a4 Nfd7 26. g5 Nb6 27. Kd1 Rba8 28.
Ke1 Nxa4 29. Nxa4 Rxa4 30. Rxa4 Rxa4 31. Kf2 Rc4 32. Rd1 Qd8 33. Bd4 Bxg5 34.
Be4 Qc8 35. Bxe5 dxe5 36. d6 {Diagram [#]} Rc2 $1 37. Bxc2 bxc2 0-1

[Event "Mechanics' Summer TNM; G/2 d5"]
[Site "San Francisco"]
[Date "2017.07.11"]
[Round "7.31"]
[White "Sherwood, Peter"]
[Black "Abraham, Michael D"]
[Result "0-1"]
[WhiteElo "1663"]
[BlackElo "1499"]
[PlyCount "52"]
[EventDate "2017.??.??"]

1. d4 Nf6 2. c4 e6 3. Nc3 d5 4. Nf3 c5 5. cxd5 exd5 6. e3 Nc6 7. Be2 Be7 8. O-O
O-O 9. Qc2 Nb4 10. Qd1 Bf5 11. Ne1 c4 12. a3 Nc6 13. Nf3 Na5 14. Nd2 Qd7 15.
Re1 Rfe8 16. Qa4 Nc6 17. Qd1 Bd6 18. b3 Ng4 19. h3 Bh2+ 20. Kf1 Nxe3+ 21. fxe3
Rxe3 22. Nf3 Rxc3 23. Nxh2 Bxh3 24. gxh3 Qxh3+ 25. Kf2 Qxh2+ 26. Kf1 Rg3 0-1

[Event "Mechanics' Peter Grey TNM; G/2 d5"]
[Site "San Francisco"]
[Date "2017.09.05"]
[Round "5.12"]
[White "Sherwood, Peter"]
[Black "Askin, Michael"]
[Result "0-1"]
[WhiteElo "1659"]
[BlackElo "2026"]
[Annotator "Donaldson"]
[PlyCount "110"]
[EventDate "2017.??.??"]

1. d4 d5 2. c4 c6 3. Nf3 Nf6 4. Nc3 e6 5. Bg5 h6 6. Bh4 dxc4 7. a4 Bb4 8. e4
Qa5 9. Bxf6 Bxc3+ 10. bxc3 Qxc3+ 11. Nd2 gxf6 12. Bxc4 Qxd4 13. Ra3 Nd7 14. Rd3
Qc5 15. O-O Ne5 $2 {Diagram [#]} 16. Nb3 (16. Rd8+ $1 Kxd8 17. Nb3+ Ke7 18.
Nxc5 Nxc4 19. Qd3 Ne5 (19... Nd6 20. Rd1 Rd8 21. e5 $1 fxe5 22. Ne4 $18) 20.
Qa3 $14) 16... Qe7 (16... Nxc4 $2 17. Rd8+ Ke7 18. Rxh8) 17. Rc3 (17. Rd4 $142
c5 $6 18. Nxc5) 17... Qb4 18. Qc2 Qxa4 19. Rd1 Qb4 20. Qd2 Qe7 (20... Nxc4 $4
21. Qd8#) 21. Be2 Qc7 22. f4 (22. Qf4 $5 Ke7) 22... Nd7 23. Rd3 (23. Nd4 $5 a6
24. Bh5 Ke7) 23... Ke7 $2 ({
Black is three pawns up but it is hard to get his pieces out. Correct is} 23...
a5 {Black's king is safer on e8 than e7.}) 24. Qb4+ c5 $4 (24... Ke8) 25. Qc4
$4 (25. Rxd7+ $1 Bxd7 26. Nxc5 Qb6 27. Rxd7+ Kf8 28. Qd4 {is winning for White.
}) 25... b6 26. Nd4 Rd8 27. Bg4 Ba6 28. Qxa6 cxd4 29. Rxd4 Nc5 30. Qf1 Rxd4 31.
Rxd4 Rd8 32. Rc4 Rd2 33. f5 e5 34. Rc3 Qd6 35. Re3 $6 Qd4 36. Qf3 Rd3 37. Kf2
Rxe3 38. Qxe3 Qxe3+ 39. Kxe3 b5 40. Be2 b4 41. Bc4 a5 42. Ba2 a4 43. Kd2 Nxe4+
44. Kd3 Nd6 45. g4 Kd7 46. h3 Kc6 47. h4 Kc5 48. h5 b3 49. Bb1 Kb4 50. Kd2 a3
51. Kc1 a2 52. Bxa2 bxa2 53. Kb2 Kc4 54. Kxa2 Kd3 55. Kb3 e4 0-1

[Event "Mechanics' Fall TNM; G/2 d5"]
[Site "San Francisco"]
[Date "2017.11.28"]
[Round "6.26"]
[White "Sherwood, Peter"]
[Black "Baer, Michael Alan"]
[Result "1-0"]
[WhiteElo "1678"]
[BlackElo "1416"]
[PlyCount "83"]
[EventDate "2017.??.??"]

1. d4 Nf6 2. c4 g6 3. Nc3 Bg7 4. Nf3 d6 5. e3 O-O 6. Be2 Nbd7 7. O-O e5 8. Qc2
exd4 9. exd4 Re8 10. Bf4 Re7 11. Rfe1 Qe8 12. Bd3 Rxe1+ 13. Rxe1 Qd8 14. h3 b6
15. Ne4 Bb7 16. b4 Nxe4 17. Bxe4 Bxe4 18. Qxe4 Nf6 19. Qe7 ({After} 19. Qc6 {
Black has a very hard time untangling.}) 19... Ne8 (19... Qxe7 20. Rxe7 Rc8 21.
Ng5 $5 h6 22. Nxf7 Kf8 23. Bxd6 $1 cxd6 24. Nxd6 Kxe7 25. Nxc8+ Kd7 26. Nxa7)
20. d5 Bc3 21. Bd2 Bf6 22. Qe4 Ng7 {draw offer} 23. g4 Qe8 24. Qf4 Qd8 25. Qh6
Be7 26. Bg5 f6 27. Bd2 Qf8 (27... g5 28. Nd4 f5 29. Nc6 $18) (27... f5 28. Bc3
Bf6 29. Ng5 $18) 28. Qe3 Re8 29. Qa3 Ra8 30. Qa4 Qd8 (30... Qe8) 31. Qc6 Bf8
32. Nd4 a6 33. Bh6 Qc8 34. Bxg7 Bxg7 35. Re7 f5 36. Ne6 Be5 37. Rxc7 Qe8 38.
Qb7 fxg4 39. Rg7+ Kh8 40. Rxh7+ Kg8 41. hxg4 (41. Rh4) 41... Bf6 42. Rh3 1-0

[Event "Mechanics' Fall TNM; G/2 d5"]
[Site "San Francisco"]
[Date "2017.11.14"]
[Round "4.31"]
[White "Sherwood, Peter"]
[Black "Boldi, Nicholas"]
[Result "0-1"]
[WhiteElo "1678"]
[BlackElo "1355"]
[Annotator "Donaldson"]
[PlyCount "234"]
[EventDate "2017.??.??"]

1. d4 e6 2. c4 d5 3. Nc3 Nf6 4. e3 Bb4 5. Bd2 Be7 (5... O-O) 6. Nf3 c5 7. Bd3
Bd7 (7... Nc6) 8. Qb3 Nc6 9. cxd5 Nb4 $2 (9... c4 $1 10. Qd1 (10. Bxc4 $4 Na5)
(10. Qxc4 Na5) 10... exd5 11. Bc2 O-O 12. O-O $11) 10. Bc4 b5 11. Bxb5 Bxb5 12.
Nxb5 Rb8 13. Qa4 Qd7 14. Bxb4 Nxd5 15. Nc3 (15. Bxc5 $1 Bxc5 16. Nc7+ Nxc7 17.
Qxd7+ Kxd7 18. dxc5 Rxb2 19. O-O-O+ $1) 15... Nxb4 16. Qxd7+ Kxd7 17. O-O (17.
O-O-O $1) 17... cxd4 18. Nxd4 Nd3 19. b3 Bf6 20. Rad1 Nc5 21. b4 Na6 22. b5 $1
Rbc8 23. Nc6+ Ke8 24. Ne4 Kf8 25. Nxf6 gxf6 26. Nxa7 Ra8 27. b6 Kg7 28. a4 Nc5
29. a5 Nb3 30. a6 Nc5 31. Ra1 Rhb8 32. Rfb1 Nd7 33. Nc8 $1 Nc5 34. a7 $1 Rxc8
35. b7 (35. Rc1 $1) 35... Nxb7 36. Rxb7 Kg6 37. g3 f5 {draw offer} 38. Rab1 (
38. Kg2) 38... Rc6 39. Rd7 Rcc8 40. Rbb7 Rf8 41. Kg2 h6 42. Kf3 Kf6 43. Ke2 (
43. e4 $1 fxe4+ 44. Kxe4 Rac8 45. Rbc7 Ra8 46. Kd4 Kg6 47. Kc5 Kf6 48. Kb6 Kg6
49. Kb7 h5 50. h4 f6 51. Rg7+ Kf5 52. Rcf7 Rfe8 53. Rg5+) 43... Rac8 44. Kd3
Kg6 45. Rd6 Kf6 46. Rdb6 Rfd8+ 47. Ke2 Rc2+ 48. Ke1 Ra8 49. Rb1 $4 (49. Ra6)
49... Ra2 $11 50. Rc1 R2xa7 51. Rcc7 Rxb7 52. Rxb7 Ra1+ 53. Ke2 Ra2+ 54. Kf3
Ra6 {draw offer} 55. h4 Ra2 56. Rb8 Rc2 57. Rh8 Kg7 58. Rd8 Kf6 59. Rh8 Kg7 60.
Rb8 Kf6 61. Rb6 Ra2 62. Rb1 Ra5 63. Rb2 Ra6 64. Ke2 Rd6 65. Rd2 Rc6 66. Kd3
Rd6+ 67. Kc3 Rc6+ 68. Kb4 Ke5 69. f3 $5 (69. Rd4 $11) 69... Rc1 70. Rd4 Re1 71.
f4+ Kf6 72. Kc4 Rxe3 73. Rd3 Re1 74. Kd4 e5+ 75. fxe5+ Rxe5 76. Ra3 Re4+ 77.
Kd5 Re5+ 78. Kd4 Re6 79. Rf3 Ra6 80. Kd5 Ra5+ 81. Kd4 Kg6 82. Re3 Kh5 83. Re7
f6 84. Rg7 Ra4+ 85. Ke3 Rg4 86. Rf7 Rxg3+ 87. Kf2 Rg6 88. Ra7 Kxh4 89. Ra1 Rg4
90. Ra6 Kg5 91. Ra8 f4 92. Rg8+ Kf5 93. Rh8 Rg6 94. Kf3 Rg3+ 95. Kf2 Kg5 96.
Rg8+ Kh4 97. Rf8 Kg5 98. Rg8+ Kf5 99. Rh8 Rg6 100. Kf3 Kg5 101. Ra8 h5 102. Ra4
h4 103. Rxf4 f5 104. Ra4 h3 105. Kg3 Rh6 106. Kh2 f4 107. Ra5+ Kg4 108. Ra4 Rb6
109. Ra3 Rb2+ 110. Kh1 f3 111. Ra7 Rb5 112. Kg1 Rg5 113. Kf2 h2 114. Ra4+ Kh3
115. Ra1 Rg2+ 116. Kxf3 Rg1 117. Ra6 h1=Q+ 0-1

[Event "Mechanics' Fall TNM; G/2 d5"]
[Site "San Francisco"]
[Date "2017.12.05"]
[Round "7.12"]
[White "Sherwood, Peter"]
[Black "Cheng, Alfonso"]
[Result "0-1"]
[WhiteElo "1678"]
[BlackElo "1952"]
[Annotator "Sherwood"]
[PlyCount "90"]
[EventDate "2017.??.??"]

1. d4 Nf6 2. c4 e5 3. e3 e4 4. Nc3 c6 5. f3 d5 6. Qb3 Bd6 7. fxe4 Nxe4 8. Nf3
O-O 9. Bd3 Nxc3 10. bxc3 dxc4 11. Bxc4 b5 12. Bd3 a6 13. O-O Be6 14. Qc2 h6 15.
e4 c5 16. e5 Be7 17. Be4 Bd5 18. Be3 cxd4 19. cxd4 Nc6 20. Bxd5 Qxd5 21. Qb3
Nb4 22. Bf2 Rfc8 23. Qxd5 (23. Be1 Rc4 24. Bxb4 Bxb4 25. Rac1 Rac8 26. Rxc4
Rxc4 $15) 23... Nxd5 24. Rfd1 Ba3 25. Rd3 b4 26. Be1 Rc2 27. Bd2 Bb2 28. Rd1
Bc3 29. Bxc3 Nxc3 30. R1d2 Rxa2 31. Rxa2 Nxa2 32. d5 Kf8 33. d6 a5 34. Nd4 Ke8
35. e6 fxe6 36. Nxe6 Kd7 37. Nc5+ Kc6 38. Ne6 (38. d7 Kxc5 39. d8=Q Rxd8 40.
Rxd8 $19) 38... Nc1 39. Rd1 Ne2+ 40. Kf2 Nc3 41. Rd4 (41. d7 Nxd1+ 42. Ke1 Kxd7
43. Kxd1 Kxe6 $19) 41... Nd5 42. d7 Kxd7 43. Rxd5+ Kxe6 44. Rd1 b3 45. Ke2 a4
0-1

[Event "Mechanics' Winter TNM; G/2"]
[Site "San Francisco"]
[Date "2017.02.07"]
[Round "6.33"]
[White "Sherwood, Peter"]
[Black "Erdenebileg, Erkhes"]
[Result "1/2-1/2"]
[WhiteElo "1703"]
[BlackElo "1412"]
[Annotator "Sherwood"]
[PlyCount "84"]
[EventDate "2017.??.??"]

1. d4 d5 2. c4 c6 3. Nf3 Nf6 4. Nc3 e6 5. Bg5 Nbd7 6. e3 Be7 7. Bd3 O-O 8. Qc2
b6 9. O-O h6 10. Bh4 Bb7 11. b3 c5 12. Ne5 Nxe5 13. dxe5 Nd7 14. Bg3 Bh4 15. f4
$1 Bxg3 16. hxg3 f6 17. cxd5 exd5 18. e6 Nb8 19. Rad1 f5 20. Bxf5 (20. Nxd5 $1
Bxd5 21. Bc4) (20. Bc4 $1) 20... Qf6 21. Nxd5 Bxd5 22. Rxd5 Nc6 23. Qc4 (23.
Rd6) 23... Ne7 24. Re5 (24. Be4 Nxd5 25. Bxd5 Rae8 26. e7+ Rf7 27. Rd1 Qxe7 28.
e4 Kf8 29. e5 Rf5 30. Qe4 g6 31. g4 $18) 24... b5 25. Qxc5 (25. Qxb5 Nxf5 26.
g4 Ne7 (26... Ng3 27. e7 Rfe8 28. Rf3 Qh4)) 25... Nxf5 26. e7 $2 Nxe7 27. Qxb5
$2 (27. Qxe7) 27... Rab8 28. Qe2 Nc6 29. Rc5 Ne7 30. Qc4+ Kh8 31. e4 Rbc8 32.
e5 Qb6 (32... Qg6) 33. Rc1 Nf5 34. Kh2 Rxc5 35. Qxc5 Qxc5 36. Rxc5 Kg8 37. g4
Ne3 $6 38. Kg3 Nf1+ (38... Nd1 39. Kf3) 39. Kf3 Nh2+ 40. Kg3 Nf1+ 41. Kf3 Nh2+
42. Kg3 Nf1+ 1/2-1/2

[Event "Mechanics' Summer TNM; G/2 d5"]
[Site "San Francisco"]
[Date "2017.06.13"]
[Round "4.21"]
[White "Sherwood, Peter"]
[Black "Gray, William"]
[Result "1/2-1/2"]
[WhiteElo "1663"]
[BlackElo "1986"]
[PlyCount "65"]
[EventDate "2017.??.??"]

1. d4 Nf6 2. c4 d6 3. Nc3 e5 4. d5 Nbd7 5. e4 Nc5 6. Qc2 a5 7. Nge2 g6 8. Ng3
h5 9. h4 Be7 10. Bg5 c6 11. f3 cxd5 12. cxd5 O-O 13. Na4 Nfd7 14. Bxe7 Qxe7 15.
Nxc5 Nxc5 16. Qd2 Bd7 17. Qg5 Qxg5 18. hxg5 Rfc8 19. Kd2 b5 20. Be2 b4 21. b3
a4 22. Bc4 Ra7 23. Kc2 Nb7 24. Kd2 axb3 25. axb3 Rca8 26. Rxa7 Rxa7 27. Rc1 Nc5
28. Ne2 Ra3 29. Rb1 Ra2+ 30. Kc1 h4 31. Rb2 Ra1+ 32. Rb1 Ra2 33. Rb2 1/2-1/2

[Event "Mechanics' Winter TNM; G/2"]
[Site "San Francisco"]
[Date "2017.02.14"]
[Round "7.31"]
[White "Sherwood, Peter"]
[Black "Harris, Clarence"]
[Result "1-0"]
[WhiteElo "1703"]
[BlackElo "1410"]
[Annotator "Donaldson"]
[PlyCount "87"]
[EventDate "2017.??.??"]

1. e4 e5 2. Nf3 Nc6 3. Bb5 a6 4. Ba4 Nf6 5. O-O Be7 6. Re1 O-O 7. c3 b5 8. Bc2
$6 (8. Bb3 d5 9. exd5 Nxd5 10. Nxe5 Nxe5 11. Rxe5 c6 {
is the starting point of Marshall's famous gambit.}) 8... d5 9. exd5 Nxd5 (9...
Qxd5 {is now quite playable because White's bishop is not on b3.}) 10. Nxe5
Nxe5 11. Rxe5 c6 (11... Bb7 12. d4 Bd6 13. Re1 Qh4 {was another way to play.})
12. d4 Bd6 13. Re1 Qh4 14. g3 Qh3 15. Qd3 ({
With the bishop on c2 it might be worth trying} 15. Re4 {threatening 16.Rh4.})
15... Bg4 16. Qf1 Qh5 17. Bd1 $6 (17. Nd2) 17... Bxd1 18. Rxd1 Rae8 (18... f5
$1 {intending ...f4 was also good.}) 19. Bd2 {
This takes d2 from the knight which is needed for the defense of the kingside.}
Re6 (19... f5 $1) 20. Na3 Rfe8 (20... Re2) 21. Nc2 Re2 22. Re1 Nf6 $1 (22... f5
{was also good. Either move should lead to an extremely strong attack against
White's king.}) 23. Rad1 R8e6 $2 (23... Ng4 {
hitting f2 and h2 won on the spot. Now White gains precious time to regroup.})
24. Ne3 $1 Ng4 25. Nxg4 Qxg4 26. Rxe2 Rxe2 27. Bc1 (27. f3 Qe6 28. b3 {
followed by Re1 and White is a pawn up and on the road to victory.}) 27... h5
$2 (27... Qe6 $1 {hits a2 and more importantly stops the rook trade.}) 28. Re1
Rxe1 29. Qxe1 Qe6 $2 (29... h4 {
had to be played. The text makes things too easy.}) 30. Qxe6 fxe6 31. f4 Kf7
32. Kf2 Kf6 33. Kf3 Kf5 34. h3 Kg6 35. g4 hxg4+ 36. hxg4 Kf6 37. Ke4 a5 38. a3
a4 39. Be3 g6 40. Bd2 Ke7 41. Be1 Kf7 42. Bh4 Be7 $4 43. Bxe7 Kxe7 44. Ke5 1-0

[Event "Mechanics' Spring TNM; G/2"]
[Site "San Francisco"]
[Date "2017.04.11"]
[Round "5.17"]
[White "Sherwood, Peter"]
[Black "Kanis, Sierk"]
[Result "1/2-1/2"]
[WhiteElo "1703"]
[BlackElo "1897"]
[Annotator "Donaldson"]
[PlyCount "129"]
[EventDate "2017.??.??"]

1. Nf3 d6 2. d4 Nf6 3. c4 g6 4. Nc3 Bg7 5. e4 O-O 6. Be2 e5 7. O-O Nc6 8. d5
Ne7 9. Nd2 Nd7 (9... c5 {and}) (9... a5 {are the most commonly seen move here
as 9...Nd7 and 9...Ne8 give White a free hand on the queenside. That said
Hikaru Nakamura has shown on numerous occasions that Black's attacking chances
are not to be underestimated.}) 10. b4 f5 11. Re1 $6 {
This isn't part of White's queenside play.} (11. c5 dxc5 12. bxc5 Nxc5 13. Ba3
{offers White excellent compensation for the pawn.}) (11. f3 {
is likely to transpose to well-known lines.}) 11... Nf6 12. c5 Rf7 13. f3 f4
14. cxd6 cxd6 15. Nc4 g5 16. Nb5 Ne8 17. Bd2 Ng6 18. Rf1 {This is an that
White's 11th move was not optimal. Note Black has also lost time with
Nf6-d7-f6-e8 - as ...Bf8 was not available on move 16 to guard d6.} Bf8 19. Be1
a6 20. Nc3 Nf6 21. Bf2 Rg7 22. Kh1 h5 23. Nb6 Rb8 24. Nxc8 {Exchanging off
Black's light squared attacking bishop is key for White as now ...g4 comes
with less punch.} Rxc8 25. Rc1 g4 26. fxg4 hxg4 27. Bxg4 Nxg4 28. Qxg4 Qe8 29.
Ne2 Rd8 30. Rc3 Rdd7 31. Rfc1 Rdf7 32. Qf3 (32. Ng1 $1 {
intending Nf3 was a good alternative. The knight is doing nothing on e2.})
32... Qe7 33. a3 Nh4 34. Bxh4 Qxh4 35. Rd1 Rg6 36. Rg1 Rh7 37. h3 Rhg7 38. Kh2
Kh7 $2 (38... Rf7) 39. g3 $1 {draw offer} fxg3+ 40. Rxg3 (40. Nxg3 $1 {
and White has every chance to win. His knight has a great outpost on f5.})
40... Rf6 41. Qg2 Rgf7 42. Rcf3 Bh6 43. Rxf6 Qxf6 44. Rg4 Be3 45. Kh1 Qf1+ 46.
Qxf1 Rxf1+ 47. Kh2 Ra1 48. Rg3 $2 (48. Ng3 $1 {
and the threat to come to f5 forces Black to trade with a draw.} Bf4 49. Kg2
Bxg3 (49... Rxa3 $4 50. Nf5 $1 {winning.}) 50. Rxg3 $11) 48... Rxa3 49. Rf3
Bf4+ 50. Kg2 Rxf3 51. Kxf3 Bd2 52. Ng3 Bxb4 53. Nf5 a5 54. Ke3 a4 55. Kd3 a3
56. Kc2 Bc5 57. Kb3 Kg6 58. Ng3 Kg5 59. Ne2 Kh4 60. Nc3 Kxh3 61. Na4 b6 62. Nc3
Kg4 63. Kc4 Kf3 64. Kd3 Bd4 65. Na2 {both sides stopped recording; Black was
in severe time pressure. He gave up the a- and b-pawns for White's e- and
d-pawns, which were then blockaded by White's king and knight.} 1/2-1/2

[Event "Mechanics' Spring TNM; G/2"]
[Site "San Francisco"]
[Date "2017.03.28"]
[Round "3.15"]
[White "Sherwood, Peter"]
[Black "Kondakov, Adrian"]
[Result "0-1"]
[WhiteElo "1703"]
[BlackElo "1921"]
[PlyCount "88"]
[EventDate "2017.??.??"]

1. d4 Nf6 2. c4 g6 3. Nc3 Bg7 4. e4 d6 5. Nf3 O-O 6. Be2 e5 7. O-O Nc6 8. d5
Ne7 9. b4 Nh5 10. g3 f5 11. Nd2 Nf6 12. Rb1 fxe4 13. Ndxe4 Nf5 14. Bg5 Nd4 15.
Bg4 $2 Bxg4 16. Nxf6+ Bxf6 17. Bxf6 Bxd1 (17... Qd7 $1) 18. Bxd8 Be2 19. Bxc7
Bxf1 20. Kxf1 (20. Rxf1 $142) 20... Nf5 21. Ne4 Ne3+ 22. Ke2 Nxc4 23. Nxd6 Nxd6
24. Bxd6 Rfd8 25. Bxe5 Rxd5 26. f4 Rad8 27. Rb2 Kf7 28. Rc2 Ke6 29. Ke3 Kf5 30.
h3 Rd3+ 31. Kf2 Rd2+ 32. Rxd2 Rxd2+ 33. Kf3 Rxa2 34. g4+ Ke6 35. Ke4 Re2+ 36.
Kd4 Rb2 37. Kc4 Rh2 38. Bd4 $6 (38. Bb8) 38... a6 39. Kc5 Rxh3 40. Kb6 Rb3 41.
Bc5 h5 42. gxh5 gxh5 43. Kxb7 a5 44. Kc6 Rxb4 0-1